000 00645nab a2200193 4500
001 244442
003 OSt
005 20230630082642.0
007 tu
008 200917s2020|||||||
040 _aDE-2950
_cDE-2950
245 0 0 _aHausärztin übergibt den Staffelstab.
_bMedizin. Nach 37 Jahren im Arztberuf schließt Sylvia Döscher Ende Juni ihre Praxis in der Leipziger Straße ...
_cInes Weber-Rath
264 _c2023
653 _aFrankfurt (Oder)
653 _aDöscher, Sylvia; Ärztin
653 _aPraxis Leipziger Straße
773 0 _g34. Jahrgang (2023) Nr. 145 vom 24.06.2023, S. 20: mit Foto
_tMärkische Oderzeitung
942 _2z
_cA
999 _c372607
_d372607